Sídla daňových orgánov v Slovenskej republike

Adresár daňových orgánov v Slovenskej republike.

Salvato in:
Dettagli Bibliografici
Natura: Capitolo di libro
Lingua:slovacco
Soggetti:
Tags: Aggiungi Tag
Nessun Tag, puoi essere il primo ad aggiungerne!!

MARC

LEADER 00000naa a2200000 4500
001 r046624
005 20230927070528.4
041 0 |a slo 
044 |a SK 
245 1 0 |a Sídla daňových orgánov v Slovenskej republike 
520 |a Adresár daňových orgánov v Slovenskej republike. 
610 2 0 |a orgány finančné 
610 2 0 |a dane 
610 2 0 |a Slovensko 
610 2 0 |a adresáre 
610 2 0 |a úrady daňové